00522nam a2200181 a 4500001000400000003000900004008004100013020001500054040002800069082001600097100002800113245002900141260005200170300001000222490002000232505006400252650002400316965CO-ViMGA141112s2004 ck r 000 u spa d a9681604288 aCO-ViMGAbspacCO-ViMGA04a340.01 F7431 aFriedrich, Carl Joachim10aLa filosofia del derecho aMexico : bFondo de Cultura Económica, c1993 a443 p aBreviarios, 179 aEl desarrollo histórico 21 - - Analisis sistemático 27514aDERECHO - FILOSOFIA